| 000 | 00457nam a2200181Ia 4500 | ||
|---|---|---|---|
| 001 | 8897 | ||
| 005 | 20260306160643.0 | ||
| 008 | 260306t2003||||xx |||||||||||||| ||spa|| | ||
| 041 | _aESP | ||
| 082 |
_a371.9 _bM99 2003 |
||
| 100 |
_aMyers, Patricia I. _eAUT |
||
| 245 | 0 | _aMétodos para educar niños con dificultades en el aprendizaje | |
| 260 | _c2003 | ||
| 300 |
_a464 páginas : _ccm. |
||
| 650 | _aGEN | ||
| 654 | _aCED | ||
| 942 |
_cLIB _dJUS _fJUS _2ddc _n |
||
| 999 |
_c8897 _d8897 |
||